[Event "Philidor "]
[Site "SchemingMind.com"]
[Date "2015.05.22"]
[Round "-"]
[White "jerryface"]
[Black "Kenny Elliott"]
[Result "1-0"]
[WhiteCountry "USA"]
[BlackCountry "USA"]
[WhiteElo "1644"]
[WhiteRD "84"]
[BlackElo "1600"]
[BlackRD "75"]
[GameID "380942"]

1. e4 c5 2. d4 e6 3. Nf3 cxd4 4. Nxd4 Nf6 5. Nc3 Bb4 6. Qf3 Bxc3+ 7. bxc3 e5 8. Nf5 d6 9. Nxg7+ Kf8 10. Bh6 Ke7
11. Bg5 Nd7 12. Bb5 Qa5 13. Bxd7 Bxd7 14. Qxf6+ Kf8 15. Ne6+ Kg8 16. Qg7#
1-0

[Event "Philidor "]
[Site "SchemingMind.com"]
[Date "2015.06.01"]
[Round "-"]
[White "Kenny Elliott"]
[Black "Ramesh Panwar"]
[Result "0-1"]
[WhiteCountry "USA"]
[BlackCountry "IND"]
[WhiteElo "1600"]
[WhiteRD "75"]
[BlackElo "2359"]
[BlackRD "55"]
[GameID "381423"]

1. d4 Nf6 2. c4 e6 3. Nc3 Bb4 4. Bd2 O-O 5. Nf3 d6 6. g3 b6 7. Bg2 Bb7 8. O-O Nbd7 9. Qc2 c5 10. a3 Bxc3
11. Bxc3 Qc7 12. Rfe1 cxd4 13. Bxd4 b5 14. Rac1 e5 15. cxb5 Qxc2 16. Rxc2 exd4 17. Nxd4 Bxg2 18. Kxg2 a6 19. bxa6 Rxa6 20. Rec1 d5
21. Nf5 g6 22. Ne7+ Kg7 23. Rc6 Raa8 24. Rd6 Rfe8 25. Nxd5 Rxe2 26. b4 Rxa3 27. Nc3 Rb2 28. b5 Ne5 29. b6 Rxc3 30. Rxc3 Ne4
31. Rcc6 Rxf2+ 32. Kh3 Ng5+ 33. Kh4 Ngf3+
0-1

[Event "Philidor "]
[Site "SchemingMind.com"]
[Date "2015.06.01"]
[Round "-"]
[White "Ramesh Panwar"]
[Black "Kenny Elliott"]
[Result "1-0"]
[WhiteCountry "IND"]
[BlackCountry "USA"]
[WhiteElo "2359"]
[WhiteRD "55"]
[BlackElo "1600"]
[BlackRD "75"]
[GameID "381424"]

1. d4 d5 2. Nf3 Nf6 3. c4 c6 4. Nc3 e6 5. e3 Bb4 6. Bd3 Bxc3+ 7. bxc3 O-O 8. Ba3 Re8 9. O-O Nbd7 10. cxd5 exd5
11. Qc2 h6 12. c4 Nb6 13. c5 Nbd7 14. Bb4 a5 15. Ba3 b6 16. cxb6 Nxb6 17. Ne5 Bb7 18. Rfb1 Qc7 19. Qb2 Nbd7 20. Nxd7 Qxd7
21. Qxb7 Qg4 22. Rb2 Rac8 23. Rc1 Qe6 24. Rb6 Ne4 25. Rbxc6 Rxc6 26. Qxc6 Qxc6 27. Rxc6 Ng5 28. Rd6
1-0

[Event "Philidor "]
[Site "SchemingMind.com"]
[Date "2015.06.01"]
[Round "-"]
[White "fouche"]
[Black "Ramesh Panwar"]
[Result "0-1"]
[WhiteCountry "COL"]
[BlackCountry "IND"]
[WhiteElo "1542"]
[WhiteRD "62"]
[BlackElo "2359"]
[BlackRD "55"]
[GameID "381425"]

1. d4 Nf6 2. Nf3 e6 3. e3 Be7 4. Bd3 d5 5. O-O b6 6. Nbd2 O-O 7. Re1 c5 8. c3 Bb7 9. e4 cxd4 10. cxd4 dxe4
11. Nxe4 Nxe4 12. Bxe4 Bxe4 13. Rxe4 Qd5 14. Be3 Qxe4
0-1

[Event "Philidor "]
[Site "SchemingMind.com"]
[Date "2015.06.01"]
[Round "-"]
[White "Ramesh Panwar"]
[Black "fouche"]
[Result "1-0"]
[WhiteCountry "IND"]
[BlackCountry "COL"]
[WhiteElo "2359"]
[WhiteRD "55"]
[BlackElo "1542"]
[BlackRD "62"]
[GameID "381426"]

1. d4 c5 2. d5 e5 3. e4 d6 4. Bd3 Bd7 5. c4 Na6 6. Nc3 Nc7 7. f4 exf4 8. Bxf4 Be7 9. Nf3 Bh4+ 10. g3 Be7
11. e5 dxe5 12. Nxe5 Nf6 13. Nxd7 Qxd7 14. O-O a6 15. Be5 O-O 16. Bf5 Qd8 17. d6 Bxd6 18. Qxd6 Ne6 19. Bxe6 fxe6 20. Qxe6+ Kh8
21. Nd5 Nxd5 22. Rxf8+
1-0

[Event "Philidor "]
[Site "SchemingMind.com"]
[Date "2015.06.06"]
[Round "-"]
[White "emvarela"]
[Black "Ramesh Panwar"]
[Result "0-1"]
[WhiteCountry "ARG"]
[BlackCountry "IND"]
[WhiteElo "1735"]
[WhiteRD "50"]
[BlackElo "2377"]
[BlackRD "57"]
[GameID "381427"]

1. e4 c5 2. Nf3 d6 3. d4 Nf6 4. Nc3 cxd4 5. Nxd4 a6 6. Bg5 e6 7. Bd3 Be7 8. Qd2 h6 9. Bxf6 Bxf6 10. Nde2 O-O
11. O-O Nd7 12. Rab1 b5 13. b4 Nb6 14. Nd1 Bb7 15. Ne3 d5 16. exd5 Nxd5 17. Nxd5 Qxd5 18. f3 Rfd8 19. Nc3 Qd4+ 20. Kh1 Qxc3
0-1

[Event "Philidor "]
[Site "SchemingMind.com"]
[Date "2015.06.06"]
[Round "-"]
[White "Ramesh Panwar"]
[Black "emvarela"]
[Result "1-0"]
[WhiteCountry "IND"]
[BlackCountry "ARG"]
[WhiteElo "2377"]
[WhiteRD "57"]
[BlackElo "1735"]
[BlackRD "50"]
[GameID "381428"]

1. d4 Nf6 2. c4 e6 3. Nc3 Bb4 4. Nf3 Bxc3+ 5. bxc3 O-O 6. e3 c6 7. Ba3 Re8 8. Bd6 Ne4 9. c5 Nxc3 10. Qc2 Nd5
11. e4 Nc7 12. a4 b5 13. Qd2 bxa4 14. Rxa4 Nb5 15. Bd3 Nxd6 16. cxd6 Qb6 17. O-O a5 18. Rfa1 c5 19. e5 Nc6 20. Bxh7+ Kxh7
21. Ng5+ Kg8 22. Qd3 g6 23. Qh3
1-0

[Event "Philidor "]
[Site "SchemingMind.com"]
[Date "2015.06.01"]
[Round "-"]
[White "Scooter"]
[Black "Ramesh Panwar"]
[Result "0-1"]
[WhiteCountry "USA"]
[BlackCountry "IND"]
[WhiteElo "1726"]
[WhiteRD "46"]
[BlackElo "2359"]
[BlackRD "55"]
[GameID "381429"]

1. d4 Nf6 2. Nf3 e6 3. Bg5 Be7 4. e3 h6 5. Bxf6 Bxf6 6. Nbd2 b6 7. Be2 Bb7 8. O-O O-O 9. Rc1 d6 10. c4 c5
11. b3 Re8 12. Re1 e5 13. d5 e4
0-1

[Event "Philidor "]
[Site "SchemingMind.com"]
[Date "2015.06.01"]
[Round "-"]
[White "Ramesh Panwar"]
[Black "Scooter"]
[Result "1-0"]
[WhiteCountry "IND"]
[BlackCountry "USA"]
[WhiteElo "2359"]
[WhiteRD "55"]
[BlackElo "1726"]
[BlackRD "46"]
[GameID "381430"]

1. d4 Nf6 2. c4 g6 3. Nc3 Bg7 4. e4 d6 5. Nf3 Bg4 6. Be2 Nbd7 7. Be3 O-O 8. O-O Bxf3 9. Bxf3 e5 10. d5 a6
11. b4 Nb6 12. Be2 Re8 13. Qd2 Rc8 14. c5 dxc5 15. bxc5 Nbd7 16. c6 bxc6 17. Bxa6 Rb8 18. dxc6 Nb6 19. Qxd8 Rexd8 20. a4 Bf8
21. Bg5 Kg7 22. a5 Na8 23. Bb7 h6 24. Bxf6+ Kxf6 25. a6
1-0

[Event "Philidor "]
[Site "SchemingMind.com"]
[Date "2015.06.02"]
[Round "-"]
[White "kenneth m day"]
[Black "Ramesh Panwar"]
[Result "0-1"]
[WhiteCountry "USA"]
[BlackCountry "IND"]
[WhiteElo "1692"]
[WhiteRD "52"]
[BlackElo "2393"]
[BlackRD "58"]
[GameID "381431"]

1. e4 e5 2. f4 exf4 3. Nf3 g5 4. h4 g4 5. Ne5 Qe7 6. d4 d6 7. Nxg4 Qxe4+ 8. Qe2 Qe7 9. Qxe7+ Bxe7 10. Be2 h5
11. Nf2 Nh6 12. Bxf4 Nf5 13. c3 Nxh4 14. O-O Rg8 15. g3 Ng6 16. Bxh5 Nxf4 17. Bxf7+ Kxf7
0-1

[Event "Philidor "]
[Site "SchemingMind.com"]
[Date "2015.06.01"]
[Round "-"]
[White "Ramesh Panwar"]
[Black "kenneth m day"]
[Result "1-0"]
[WhiteCountry "IND"]
[BlackCountry "USA"]
[WhiteElo "2393"]
[WhiteRD "58"]
[BlackElo "1692"]
[BlackRD "52"]
[GameID "381432"]

1. d4 d5 2. Nf3 Nf6 3. c4 Nc6 4. cxd5 Nxd5 5. e4 Nb6 6. d5 Nb4 7. a3 Na6 8. Ne5 e6 9. Bb5+ Bd7 10. dxe6 fxe6
11. Qh5+ g6 12. Nxg6 Bxb5 13. Ne5+ Ke7 14. Bg5+
1-0

[Event "Philidor "]
[Site "SchemingMind.com"]
[Date "2015.06.01"]
[Round "-"]
[White "jerryface"]
[Black "Ramesh Panwar"]
[Result "0-1"]
[WhiteCountry "USA"]
[BlackCountry "IND"]
[WhiteElo "1512"]
[WhiteRD "72"]
[BlackElo "2393"]
[BlackRD "58"]
[GameID "381433"]

1. e4 c5 2. Nf3 d6 3. Nc3 e5 4. Bc4 Be7 5. Nd5 Nf6 6. d3 Nxd5 7. Bxd5 Na6 8. O-O O-O 9. Bd2 Nc7 10. Qc1 Nxd5
11. exd5 b5 12. c4 Bf5 13. Ne1 a6 14. f3 Qd7 15. Bg5 f6 16. Bh4 g5 17. Bg3 Bg6 18. Qe3 f5 19. Bf2 f4 20. Qd2 bxc4
21. dxc4 g4 22. fxg4 e4
0-1

[Event "Philidor "]
[Site "SchemingMind.com"]
[Date "2015.06.01"]
[Round "-"]
[White "Ramesh Panwar"]
[Black "jerryface"]
[Result "1-0"]
[WhiteCountry "IND"]
[BlackCountry "USA"]
[WhiteElo "2393"]
[WhiteRD "58"]
[BlackElo "1512"]
[BlackRD "72"]
[GameID "381434"]

1. d4 g6 2. e4 Bg7 3. Nf3 Nc6 4. Nc3 e6 5. h4 h6 6. d5 Bxc3+ 7. bxc3 Na5 8. Qd4 f6 9. Qa4 b6 10. dxe6 c6
11. exd7+ Bxd7 12. e5 Qe7 13. Ba3 c5 14. Qe4 O-O-O 15. Qa8+ Kc7 16. Qxa7+ Kc6 17. Rb1 Kd5 18. Qxb6 Nc6 19. Qb3+
1-0

[Event "Philidor "]
[Site "SchemingMind.com"]
[Date "2015.06.18"]
[Round "-"]
[White "Kenny Elliott"]
[Black "frankly"]
[Result "0-1"]
[WhiteCountry "USA"]
[BlackCountry "ENG"]
[WhiteElo "1647"]
[WhiteRD "73"]
[BlackElo "2436"]
[BlackRD "60"]
[GameID "382317"]

1. d4 d5 2. c4 e6 3. Nf3 Nf6 4. Bg5 Be7 5. Nc3 O-O 6. g3 h6 7. Bf4 dxc4 8. Bg2 Nc6 9. O-O Nd5 10. Nxd5 exd5
11. b3 b5 12. Qc2 Be6 13. bxc4 bxc4 14. e4 Nb4 15. Qe2 dxe4 16. Qxe4 Bd5 17. Qe2 Re8 18. a3 Bf6 19. Ne5 Nd3 20. Qd2 Bxg2
21. Kxg2 Qxd4 22. Nxd3 Qd5+ 23. Kg1 Bxa1 24. Rxa1 cxd3 25. Bxc7 Re2 26. Qb2 Rxb2
0-1

[Event "Philidor "]
[Site "SchemingMind.com"]
[Date "2015.06.18"]
[Round "-"]
[White "frankly"]
[Black "Kenny Elliott"]
[Result "1-0"]
[WhiteCountry "ENG"]
[BlackCountry "USA"]
[WhiteElo "2436"]
[WhiteRD "60"]
[BlackElo "1647"]
[BlackRD "73"]
[GameID "382318"]

1. e4 c5 2. Nf3 d6 3. Bb5+ Nd7 4. O-O a6 5. Bc4 Nb6 6. Be2 Nf6 7. Nc3 g6 8. d4 c4 9. a4 a5 10. e5 dxe5
11. dxe5 Qxd1 12. Rxd1 Nfd7 13. Nb5 Bg7 14. Nc7+ Kd8 15. Nxa8 Nxa8 16. e6 fxe6 17. Ng5 Bf6 18. Nf7+ Ke8 19. Nxh8 Bxh8 20. Bxc4 Nab6
21. Bxe6 Bf6 22. Bd2 Bxb2 23. Ra2 Bf6 24. Bxa5 Ne5 25. Bxc8 Nxc8 26. Rd8+
1-0

[Event "Philidor "]
[Site "SchemingMind.com"]
[Date "2015.06.19"]
[Round "-"]
[White "fouche"]
[Black "frankly"]
[Result "0-1"]
[WhiteCountry "COL"]
[BlackCountry "ENG"]
[WhiteElo "1596"]
[WhiteRD "62"]
[BlackElo "2436"]
[BlackRD "60"]
[GameID "382319"]

1. d4 d6 2. e4 Nf6 3. Nc3 Nbd7 4. Bd3 e5 5. d5 c6 6. Nf3 Be7 7. O-O cxd5 8. Nxd5 Nxd5 9. exd5 Nc5 10. Bd2 Nxd3
11. cxd3 O-O 12. Re1 Bg4 13. h3 Bh5 14. g4 Bg6 15. d4 e4 16. Nh2 Bh4 17. Bf4 f5 18. Rc1 fxg4 19. Bg3 gxh3 20. Qg4 Bg5
21. Qxh3 Bf5 22. Qg2 Bxc1 23. Rxc1 Rc8 24. Rc3 Rxc3 25. bxc3 Qc7 26. Nf1 Rf6 27. Ne3 Qxc3 28. Nxf5 Qe1+ 29. Kh2 Rxf5 30. Bxd6 e3
0-1

[Event "Philidor "]
[Site "SchemingMind.com"]
[Date "2015.06.19"]
[Round "-"]
[White "frankly"]
[Black "fouche"]
[Result "1-0"]
[WhiteCountry "ENG"]
[BlackCountry "COL"]
[WhiteElo "2436"]
[WhiteRD "60"]
[BlackElo "1596"]
[BlackRD "62"]
[GameID "382320"]

1. e4 e6 2. d4 d5 3. Nc3 dxe4 4. Nxe4 Nd7 5. Nf3 Ngf6 6. Bd3 Bb4+ 7. c3 Ba5 8. Bg5 O-O 9. Ne5 Qe8 10. Bxf6 Nxf6
11. Nxf6+ gxf6 12. Qg4+ Kh8 13. Qh4 f5 14. Qf6+ Kg8 15. f4 Qd8 16. Qh6 Kh8 17. Rg1 Qe7 18. g4 Rg8 19. O-O-O f6 20. gxf5 fxe5
21. f6 Qf8 22. Qxh7#
1-0

[Event "Philidor "]
[Site "SchemingMind.com"]
[Date "2015.06.23"]
[Round "-"]
[White "emvarela"]
[Black "frankly"]
[Result "0-1"]
[WhiteCountry "ARG"]
[BlackCountry "ENG"]
[WhiteElo "1735"]
[WhiteRD "50"]
[BlackElo "2460"]
[BlackRD "56"]
[GameID "382321"]

1. e4 c5 2. Nf3 Nc6 3. d4 cxd4 4. Nxd4 e5 5. Nxc6 bxc6 6. Bc4 Nf6 7. Bg5 h6 8. Bxf6 Qxf6 9. Nc3 Bc5 10. O-O O-O
11. Ne2 Rb8 12. b3 Rd8 13. Qd3 d5 14. exd5 Bf5 15. Qc3 cxd5 16. Bd3 Bb4 17. Qb2 Be6 18. c3 e4 19. Bc2 Rbc8 20. Rac1 Bg4
21. Nd4 Bxc3
0-1

[Event "Philidor "]
[Site "SchemingMind.com"]
[Date "2015.06.23"]
[Round "-"]
[White "frankly"]
[Black "emvarela"]
[Result "1-0"]
[WhiteCountry "ENG"]
[BlackCountry "ARG"]
[WhiteElo "2460"]
[WhiteRD "56"]
[BlackElo "1735"]
[BlackRD "50"]
[GameID "382322"]

1. e4 e5 2. Nf3 Nc6 3. d4 exd4 4. Nxd4 Bc5 5. Be3 Qf6 6. c3 Nge7 7. Bc4 Bxd4 8. cxd4 d6 9. Nc3 Bd7 10. O-O O-O
11. Qd2 a6 12. d5 Ne5 13. Be2 c5 14. Bg5
1-0

[Event "Philidor "]
[Site "SchemingMind.com"]
[Date "2015.06.18"]
[Round "-"]
[White "Scooter"]
[Black "frankly"]
[Result "0-1"]
[WhiteCountry "USA"]
[BlackCountry "ENG"]
[WhiteElo "1712"]
[WhiteRD "45"]
[BlackElo "2436"]
[BlackRD "60"]
[GameID "382323"]

1. d4 d5 2. Nf3 Nf6 3. Bf4 Bf5 4. e3 e6 5. Bd3 Bxd3 6. Qxd3 Nc6 7. c3 Bd6 8. Bxd6 cxd6 9. O-O O-O 10. Nbd2 e5
11. dxe5 dxe5 12. Qb5 Qd7 13. Rfd1 Rfd8 14. h3 e4 15. Ne1 a6 16. Qb3 Qc7 17. Rac1 Rac8 18. Nc2 Ne5 19. Ne1 Rd6 20. f4 exf3
21. Nexf3 Nc4 22. Nxc4 dxc4 23. Qc2 Re6 24. Qe2 Rce8
0-1

[Event "Philidor "]
[Site "SchemingMind.com"]
[Date "2015.06.18"]
[Round "-"]
[White "frankly"]
[Black "Scooter"]
[Result "1-0"]
[WhiteCountry "ENG"]
[BlackCountry "USA"]
[WhiteElo "2425"]
[WhiteRD "59"]
[BlackElo "1726"]
[BlackRD "46"]
[GameID "382324"]

1. e4 c6 2. d4 d5 3. e5 Bf5 4. Nc3 e6 5. Nf3 Nd7 6. a3 c5 7. Be2 cxd4 8. Nxd4 Nxe5 9. Bb5+ Nd7 10. Nxf5 exf5
11. Qe2+ Ne7 12. Nxd5 a6 13. Bf4 Rc8 14. Bxd7+
1-0

[Event "Philidor "]
[Site "SchemingMind.com"]
[Date "2015.06.20"]
[Round "-"]
[White "kenneth m day"]
[Black "frankly"]
[Result "0-1"]
[WhiteCountry "USA"]
[BlackCountry "ENG"]
[WhiteElo "1662"]
[WhiteRD "51"]
[BlackElo "2460"]
[BlackRD "56"]
[GameID "382325"]

1. e4 e5 2. f4 exf4 3. Nf3 g5 4. h4 g4 5. Ne5 Qe7 6. d4 d6 7. Nxg4 Qxe4+ 8. Qe2 Qe7 9. Qxe7+ Bxe7 10. Be2 h5
11. Nf2 Nh6 12. Bxf4 Nf5 13. c3 Nxh4 14. O-O Be6 15. Nd2 Rg8 16. Bxh5 Nxg2 17. Ng4 Bxg4 18. Bxf7+ Kxf7 19. Bg3+ Ke8 20. Kxg2 Nc6
21. Rae1 Kd7 22. Rf4 Be6 23. b3 Bg5 24. Rg4 Bxd2 25. Rxg8 Rxg8 26. Re2 Bxc3
0-1

[Event "Philidor "]
[Site "SchemingMind.com"]
[Date "2015.06.18"]
[Round "-"]
[White "frankly"]
[Black "kenneth m day"]
[Result "1-0"]
[WhiteCountry "ENG"]
[BlackCountry "USA"]
[WhiteElo "2436"]
[WhiteRD "60"]
[BlackElo "1692"]
[BlackRD "52"]
[GameID "382326"]

1. e4 e5 2. d4 exd4 3. Nf3 Nc6 4. Nxd4 Bc5 5. Be3 Qf6 6. c3 Nge7 7. Qf3 Qxf3 8. gxf3 O-O 9. Nxc6 Nxc6 10. Bxc5 d6
11. Be3 Be6 12. Rg1 Ne5 13. Nd2 d5 14. f4 Nc6 15. f5 Bd7 16. Bh6 dxe4 17. Nxe4 Bxf5 18. Nf6+ Kh8 19. Bxg7#
1-0

[Event "Philidor "]
[Site "SchemingMind.com"]
[Date "2015.06.19"]
[Round "-"]
[White "frankly"]
[Black "jerryface"]
[Result "1-0"]
[WhiteCountry "ENG"]
[BlackCountry "USA"]
[WhiteElo "2436"]
[WhiteRD "60"]
[BlackElo "1512"]
[BlackRD "72"]
[GameID "382327"]

1. e4 d5 2. exd5 c6 3. d4 cxd5 4. Nc3 Nf6 5. Nf3 Nc6 6. Bb5 Bd7 7. O-O a6 8. Bxc6 Bxc6 9. Ne5 Nd7 10. Nxc6 bxc6
11. Bg5 c5 12. dxc5 Nxc5 13. Nxd5 f6 14. Bh4 e6 15. Qh5+ g6 16. Nxf6+ Kf7 17. Qf3
1-0

[Event "Philidor "]
[Site "SchemingMind.com"]
[Date "2015.06.20"]
[Round "-"]
[White "jerryface"]
[Black "frankly"]
[Result "0-1"]
[WhiteCountry "USA"]
[BlackCountry "ENG"]
[WhiteElo "1512"]
[WhiteRD "72"]
[BlackElo "2436"]
[BlackRD "60"]
[GameID "382328"]

1. e4 e5 2. Nf3 Nc6 3. Bc4 Nf6 4. Nc3 Nxe4 5. Nxe4 d5 6. Bxd5 Qxd5 7. d3 Bg4 8. c3 O-O-O 9. Bg5 f6 10. Bh4 Be7
11. h3 Bh5 12. g4 Bf7 13. Ke2 h5 14. g5 Bg6 15. gxf6 Bxe4
0-1

[Event "Philidor "]
[Site "SchemingMind.com"]
[Date "2015.06.18"]
[Round "-"]
[White "frankly"]
[Black "Ramesh Panwar"]
[Result "1/2-1/2"]
[WhiteCountry "ENG"]
[BlackCountry "IND"]
[WhiteElo "2436"]
[WhiteRD "60"]
[BlackElo "2393"]
[BlackRD "58"]
[GameID "382329"]

1. e4 c5 2. Nf3 d6 3. d4 cxd4 4. Nxd4 e5 5. Nb5 a6 6. N5c3 Nf6 7. Nd2 Be7 8. Nc4 b5 9. Ne3 O-O 10. Bd3 Nbd7
11. O-O Bb7 12. Nf5 b4 13. Nd5 Nxd5 14. exd5 g6 15. Bh6 Re8 16. Nxe7+ Qxe7 17. a3 Qh4 18. Qd2 Nc5 19. Be2 a5 20. f3 bxa3
21. Rxa3 Qd4+ 22. Qxd4 exd4 23. Bb5 Reb8 24. Rd1 Bxd5 25. Bf1 Ne6 26. b3 Rc8 27. c4 Bc6 28. Rda1 Rab8 29. Rb1 Ra8 30. Bd2 a4
31. b4 d5 32. c5 Rcb8 33. Bd3 Rb7 34. Rba1 Kg7 35. Bc2 Bb5 36. Kf2 Re7 37. Bd3 Bxd3 38. Rxd3 Rea7 39. g4 Kf6 40. f4 a3
41. Rb3 a2 42. Rb2= h5 43. f5 gxf5 44. gxh5 Ra3=
1/2-1/2

[Event "Philidor "]
[Site "SchemingMind.com"]
[Date "2015.06.18"]
[Round "-"]
[White "Ramesh Panwar"]
[Black "frankly"]
[Result "1/2-1/2"]
[WhiteCountry "IND"]
[BlackCountry "ENG"]
[WhiteElo "2359"]
[WhiteRD "55"]
[BlackElo "2425"]
[BlackRD "59"]
[GameID "382330"]

1. d4 d5 2. c4 e6 3. Nc3 c5 4. cxd5 exd5 5. Nf3 Nc6 6. g3 Nf6 7. Bg2 Be7 8. O-O O-O 9. Bg5 cxd4 10. Nxd4 Be6
11. Nxe6 fxe6 12. Bh3 Kh8 13. Bxe6 d4 14. Nb5 Ne4 15. Bxe7 Qxe7 16. Bh3 Rae8 17. Nxd4 Nxf2 18. Rxf2 Rxf2 19. Kxf2 Qe3+ 20. Kg2 Nxd4
21. Kh1 Nxe2 22. Qf1 Qh6 23. Rd1 Qh5 24. Rd7 h6 25. Kg2 Qc5 26. Bg4 Qc6+ 27. Qf3 Qc2 28. Qf2 Qc6+ 29. Qf3=
1/2-1/2

[Event "Philidor "]
[Site "SchemingMind.com"]
[Date "2015.06.21"]
[Round "-"]
[White "Raimondi"]
[Black "Kenny Elliott"]
[Result "0-1"]
[WhiteCountry "PER"]
[BlackCountry "USA"]
[WhiteElo "1660"]
[WhiteRD "66"]
[BlackElo "1647"]
[BlackRD "73"]
[GameID "382378"]

1. e4 c5 2. Nf3 d6 3. d4 cxd4 4. Nxd4 e5 5. Nb3 Nf6 6. Nc3 Nc6 7. Be2 Be7 8. O-O O-O 9. Be3 Be6 10. Bf3 Qc7
11. Nd5 Qd7 12. Qd2 Bxd5 13. exd5 Nd8 14. Qd3 b6 15. Nd2 Nb7 16. b4 a5 17. a3 b5 18. Ne4 Nxe4 19. Bxe4 h6 20. f4 f5
21. Bf3 Bf6 22. fxe5 Bxe5 23. Bh5 Bxa1 24. Rxa1 axb4 25. Qb3 bxa3 26. Rxa3 Rxa3 27. Qxa3 f4 28. Bf2 Qf5 29. Bf3 Qxc2 30. h3 Nc5
31. Qb4 Nd3 32. Qd4 b4
0-1

[Event "Philidor "]
[Site "SchemingMind.com"]
[Date "2015.06.21"]
[Round "-"]
[White "Kenny Elliott"]
[Black "Raimondi"]
[Result "1/2-1/2"]
[WhiteCountry "USA"]
[BlackCountry "PER"]
[WhiteElo "1647"]
[WhiteRD "73"]
[BlackElo "1660"]
[BlackRD "66"]
[GameID "382379"]

1. d4 Nf6 2. c4 g6 3. Nc3 Bg7 4. Nf3 O-O 5. Qb3 d6 6. g3 Nbd7 7. Bg2 Rb8 8. O-O Re8 9. Be3 e5 10. dxe5 Nxe5
11. Nxe5 Rxe5 12. Bxa7 Ra8 13. Bd4 Re8 14. Bxb7 Bxb7 15. Qxb7 Rb8 16. Qf3 Rxb2 17. Nd5 Rexe2 18. Bxf6 Bxf6 19. Nxf6+ Kh8 20. Nd5 Qd7
21. a4 f5 22. Qc3+ Qg7 23. Qxg7+ Kxg7 24. Nxc7 Rbc2 25. Ne6+ Rxe6 26. a5 Rxc4 27. a6 Re8 28. Rfd1 Rc6 29. a7 Ra8 30. Rdb1 Rc7
31. Rb6 Rcxa7 32. Rxa7+ Rxa7 33. Rxd6 Re7 34. Kg2=
1/2-1/2

[Event "Philidor "]
[Site "SchemingMind.com"]
[Date "2015.06.20"]
[Round "-"]
[White "Raimondi"]
[Black "fouche"]
[Result "1-0"]
[WhiteCountry "PER"]
[BlackCountry "COL"]
[WhiteElo "1660"]
[WhiteRD "66"]
[BlackElo "1596"]
[BlackRD "62"]
[GameID "382380"]

1. e4 e6 2. d4 d5 3. Nc3 Bb4 4. e5 c5 5. a3 cxd4 6. axb4 dxc3 7. bxc3 Ne7 8. f4 O-O 9. Nf3 Qc7 10. Bd2 Bd7
11. Bd3 a6 12. O-O Bc6 13. Nd4 Nd7 14. Qh5 g6 15. Qh6 Nf5 16. Bxf5 exf5 17. Rf3 Bb5 18. Rh3 Rfb8 19. Be1 f6 20. Qxh7+
1-0

[Event "Philidor "]
[Site "SchemingMind.com"]
[Date "2015.06.20"]
[Round "-"]
[White "fouche"]
[Black "Raimondi"]
[Result "1-0"]
[WhiteCountry "COL"]
[BlackCountry "PER"]
[WhiteElo "1596"]
[WhiteRD "62"]
[BlackElo "1660"]
[BlackRD "66"]
[GameID "382381"]

1. e4 e5 2. f4 exf4 3. Bc4 Nf6 4. Nc3 c6 5. Nf3 d5 6. exd5 cxd5 7. Bb5+ Bd7 8. d4 Bb4 9. Bxd7+ Nbxd7 10. O-O O-O
11. Bxf4 Rc8 12. Qd2 Ne4 13. Qe3 Nxc3 14. bxc3 Bxc3 15. Rab1 b6 16. Rb3 Ba5 17. Ne5 Nxe5 18. Bxe5 Rxc2 19. Qg3 f6 20. Bf4 Kh8
21. Qd3 Rxa2 22. Qh3 Re8 23. Rg3 Re1 24. Rf3 Ree2 25. Rg3 Kg8 26. Qg4 g6 27. h4 f5 28. Qxf5 Bb4 29. Qd3 Bd6 30. h5 Bxf4
31. Rxf4 Rad2 32. Qb1 Re7 33. hxg6 h6 34. Qf5 Rg7 35. Qe6+ Kh8 36. Rf7 a5 37. Rxg7 Kxg7 38. Qf7+ Kh8 39. Qh7#
1-0

[Event "Philidor "]
[Site "SchemingMind.com"]
[Date "2015.06.24"]
[Round "-"]
[White "Raimondi"]
[Black "emvarela"]
[Result "1/2-1/2"]
[WhiteCountry "PER"]
[BlackCountry "ARG"]
[WhiteElo "1717"]
[WhiteRD "80"]
[BlackElo "1722"]
[BlackRD "46"]
[GameID "382382"]

1. e4 e5 2. Nf3 Nc6 3. Bb5 a6 4. Ba4 Nf6 5. O-O Be7 6. Re1 b5 7. Bb3 O-O 8. c3 d5 9. exd5 e4 10. dxc6 exf3
11. Qxf3 Bd6 12. h3 Re8 13. Rxe8+ Qxe8 14. Kf1 Be6 15. d4 Bxb3 16. axb3 Qe6 17. Nd2 Re8 18. Kg1 Qe1+ 19. Nf1 Bh2+ 20. Kxh2 Qxf1
21. Rxa6 Qxc1 22. Ra5 h6 23. Rxb5 Qxb2 24. c4 Qxd4 25. Rb7 Qd6+ 26. Qg3 Qxg3+ 27. Kxg3 Ne4+ 28. Kf3 Re7 29. Rb8+ Kh7 30. Rd8 Ng5+
31. Kg3 f5 32. h4 Ne6 33. Rd5 g6 34. f4 Ng7 35. Kf3 Re6 36. b4 Rxc6 37. c5 Ra6 38. Rd7 Ra3+ 39. Kf2 Rb3 40. Rxc7 Rxb4
41. g3 h5 42. c6 Kh6 43. Re7 Rc4 44. c7 Ne6 45. Rxe6=
1/2-1/2

[Event "Philidor "]
[Site "SchemingMind.com"]
[Date "2015.06.24"]
[Round "-"]
[White "emvarela"]
[Black "Raimondi"]
[Result "0-1"]
[WhiteCountry "ARG"]
[BlackCountry "PER"]
[WhiteElo "1741"]
[WhiteRD "50"]
[BlackElo "1716"]
[BlackRD "75"]
[GameID "382383"]

1. e4 e5 2. Nf3 Nc6 3. d4 exd4 4. c3 d5 5. exd5 Qxd5 6. Nxd4 Bc5 7. Qe2+ Nge7 8. Nxc6 Qxc6 9. Be3 O-O 10. Bxc5 Qxc5
11. Nd2 b6 12. Ne4 Qc6 13. O-O-O Nd5 14. Qc4 Qxc4 15. Bxc4 Ne7 16. Rhe1 Bb7 17. Ng5 Nf5 18. g3 Nd6 19. Bb3 h6 20. Rxd6 cxd6
21. Nxf7 Kh7 22. Bc2+ Kg8 23. Re7 Bd5 24. Nxd6 Rxf2 25. Be4 Bxe4 26. Nxe4 Rxh2 27. a4 Rf8 28. Nd2 Rff2 29. Rd7 Rhg2 30. b4 Rxg3
31. Ne4 Rg1+ 32. Rd1 Rxd1+ 33. Kxd1 Ra2
0-1

[Event "Philidor "]
[Site "SchemingMind.com"]
[Date "2015.06.22"]
[Round "-"]
[White "Raimondi"]
[Black "Scooter"]
[Result "0-1"]
[WhiteCountry "PER"]
[BlackCountry "USA"]
[WhiteElo "1660"]
[WhiteRD "66"]
[BlackElo "1712"]
[BlackRD "45"]
[GameID "382384"]

1. e4 c6 2. d4 d5 3. Nc3 dxe4 4. Nxe4 Bf5 5. Ng3 Bg6 6. h4 h6 7. Nf3 Nd7 8. h5 Bh7 9. Bd3 Bxd3 10. Qxd3 Qc7
11. Bd2 O-O-O 12. O-O-O Ngf6 13. Ne4 e6 14. Rh4 Be7 15. Bf4 Qa5 16. Nd6+ Bxd6 17. Bxd6 Qxa2 18. c4 Nb6 19. Be7 Rd7 20. Bxf6 gxf6
21. c5 Qa1+ 22. Kc2 Qa4+ 23. Kb1 Nd5 24. b3 Qb4 25. Kb2 a5 26. Ra1 Nc7 27. Qc2 Qb5 28. Re4 Nd5 29. Nd2 Nb4 30. Qc3 Nd3+
31. Kb1 Nxf2 32. Rf4 Qd3+ 33. Kb2 Qe2 34. Rxa5 Rdd8 35. Rxf6 Ne4
0-1